Study finds fault in development plans (Record no. 65857)

MARC details
000 -LEADER
fixed length control field 00888cam a2200193 4500
001 - CONTROL NUMBER
control field WB3704-23
008 - FIXED-LENGTH DATA ELEMENTS--GENERAL INFORMATION
fixed length control field 000000n2001 000 0 eng u
035 ## - SYSTEM CONTROL NUMBER
System control number (Sirsi) u110459
245 ## - TITLE STATEMENT
Title Study finds fault in development plans
260 ## - PUBLICATION, DISTRIBUTION, ETC.
Date of publication, distribution, etc. 2001
490 ## - SERIES STATEMENT
Series statement Planning (for the Natural and Built Environment)
Volume/sequential designation 19 January 2001, 1(1)
520 ## - SUMMARY, ETC.
Summary, etc. A study, "Fitness for Purpose: the Quality of Development Plans" has found that development plans are too restrictive, acting as guides for development control rather than taking a more positive role. The report is available from Cardiff University (tel 0292 087 6222 and a good practice guide is available from the RTPI (tel 020 7636 9107)
590 ## - LOCAL NOTE (RLIN)
Local note WB
650 ## - SUBJECT ADDED ENTRY--TOPICAL TERM
Topical term or geographic name entry element PLANNING GUIDANCE
650 ## - SUBJECT ADDED ENTRY--TOPICAL TERM
Topical term or geographic name entry element RTPI
650 ## - SUBJECT ADDED ENTRY--TOPICAL TERM
Topical term or geographic name entry element PLANNING DEVELOPMENT
690 ## - LOCAL SUBJECT ADDED ENTRY--TOPICAL TERM (OCLC, RLIN)
Topical term or geographic name as entry element ENVIRONMENTAL AND LAND CONSULTANCY-PLANNING AND DEVELOPMENT
942 ## - ADDED ENTRY ELEMENTS (KOHA)
Suppress in OPAC 0
Holdings
Withdrawn status Lost status Source of classification or shelving scheme Damaged status Not for loan Home library Current library Shelving location Date acquired Total Checkouts Full call number Barcode Date last seen Copy number Price effective from Koha item type
    Dewey Decimal Classification     London London News article 23/01/2001   WB3704-23 110459-1001 06/08/2019 1 06/08/2019 News article